Loading...
| Science - Biology | 0 | 5 | 0 | 0 | 50 | 95 | 100.20 | 0 | 1 |
| Science - Physics | 0 | 3 | 0 | 0 | 30 | 92 | 103.00 | 0 | 1 |
| Science - Chemistry | 0 | 5 | 5 | 1 | 25 | 100 | 110.80 | 0 | 0 |
| Fine Arts - Other Fine Arts | 0 | 2 | 0 | 1 | 20 | 95 | 116.00 | 0 | 1 |
| Science - Other Science | 0 | 3 | 3 | 2 | 15 | 113 | 122.33 | 0 | 0 |
| Social Science | 0 | 1 | 0 | 0 | 10 | 145 | 145.00 | 0 | 0 |
| Mythology | 0 | 1 | 0 | 0 | 10 | 77 | 77.00 | 0 | 1 |
| Other Academic | 0 | 1 | 0 | 0 | 10 | 131 | 131.00 | 0 | 0 |
| Painting & Sculpture | 0 | 1 | 0 | 0 | 10 | 144 | 144.00 | 0 | 0 |
| Philosophy | 0 | 1 | 0 | 0 | 10 | 130 | 130.00 | 0 | 0 |
| Current Events | 0 | 1 | 0 | 0 | 10 | 132 | 132.00 | 0 | 0 |
| Literature - American Literature | 0 | 0 | 0 | 0 | 0 | 0.00 | 0 | 0 | |
| Fine Arts - Classical Music | 0 | 0 | 0 | 0 | 0 | 0.00 | 0 | 0 | |
| Religion | 0 | 0 | 0 | 0 | 0 | 0.00 | 0 | 0 | |
| History - European History | 0 | 0 | 1 | 0 | -5 | 0.00 | 0 | 0 |